000 00453nam a2200157 i 4500
001 30891
003 ES-MaACL
005 20230906154254.0
007 t|
008 030127q19101919sp ||||1| spa d
100 1 _aBazán Monterde, Tomás.
_926738
245 1 0 _aCervantinas del Quijote /
_ccomentarios por Tomás Bazán Monterde.
260 _aBarcelona :
_b[s.n.,
_c191-?] (
_fImp. Moderna)
300 _a200 p. ;
_c21 cm.
852 _aES-MaACL
_jF-9172
999 _c30891
_d30891